CREDIT-BASED MICRO-ENTERPRISE DEVELOPMENT PROGRAMME IN NEPAL. (Record no. 22563)

000 -LEADER
fixed length control field 00995cam a2200265 a 4500
022 ## - INTERNATIONAL STANDARD SERIAL NUMBER
ISSN 10247564
040 ## - CATALOGING SOURCE
Transcribing agency DLC
082 ## - DEWEY DECIMAL CLASSIFICATION NUMBER
Classification number MEI DHU 1999 C074 Or.
245 03 - TITLE STATEMENT
Title CREDIT-BASED MICRO-ENTERPRISE DEVELOPMENT PROGRAMME IN NEPAL.
246 1# - VARYING FORM OF TITLE
Title proper/short title NGO Business Environmental Partnership
260 ## - PUBLICATION, DISTRIBUTION, ETC. (IMPRINT)
Place of publication Kathmandu :
Name of publisher Forum for Protection of Public Interest,
Year of publication c1999.
300 ## - PHYSICAL DESCRIPTION
Number of Pages 71 p. :
Other physical details ill. ;
Dimensions 27 cm.
500 ## - GENERAL NOTE
General note "Prepared by Forum for Protection of Public Interest (Pro Public) ; supported by United States-Asia Environmental Partnership (US-AEP) & The Asia Foundation."
650 #0 - SUBJECT ADDED ENTRY--TOPICAL TERM
Topical Term Pollution
650 #0 - SUBJECT ADDED ENTRY--TOPICAL TERM
Topical Term Factory and trade waste
650 #0 - SUBJECT ADDED ENTRY--TOPICAL TERM
Topical Term Pollution prevention
650 #0 - SUBJECT ADDED ENTRY--TOPICAL TERM
Topical Term Environmental protection
700 1# - ADDED ENTRY--PERSONAL NAME
Personal name Parajuli, Sanjaya.
700 1# - ADDED ENTRY--PERSONAL NAME
Personal name Dorfman, Mark H.,
710 2# - ADDED ENTRY--CORPORATE NAME
Corporate name or jurisdiction name as entry element NGO Business Environmental Partnership.
710 2# - ADDED ENTRY--CORPORATE NAME
Corporate name or jurisdiction name as entry element Forum for Protection of Public Interest (Kathmandu, Nepal)
710 1# - ADDED ENTRY--CORPORATE NAME
Corporate name or jurisdiction name as entry element United States.
710 2# - ADDED ENTRY--CORPORATE NAME
Corporate name or jurisdiction name as entry element Asia Foundation.
942 ## - ADDED ENTRY ELEMENTS (KOHA)
Koha item type ADB
952 ## - LOCATION AND ITEM INFORMATION (KOHA)
Withdrawn status [LOCAL, KOHA] 0
Holdings
Permanent Location Date acquired Koha item type Lost status Shelving location Barcode Current Location Full call number
Library Block C2024-01-15ADB C074a36894Library Block CMEI DHU 1999 C074 Or.
មជ្ឈមណ្ឌលឯការនៃសាកលវិទ្យាល័យភូមិន្ទកសិកម្មចំការដូង

Powered by Koha